• 首页
  • 本馆介绍
  • 公告通知
  • 最新文献
  • 馆藏检索
  • 电子资源
  • 读者导购
  • 参考咨询
  • 我的图书馆
  • 登录
  • 详细信息显示
  • 放入我的书架
  • 预约/预借图书
  • 作者相关作品
  • 分类相关作品
  • 丛书相关作品
  • 出版社相关作品

书目信息

  • 表格格式
  • 工作单格式
  • 卡片格式
题名:
探寻数据背后的逻辑
    
 
作者: 宋云生 , 张坚洪 , 黎新年 著
分册:  
出版信息: 北京   电子工业出版社  2018.08
页数: 416页
开本: 24cm
丛书名:
单 册:
中图分类: TP312.8R , TP274
科图分类:
主题词: 程序语言--程序设计 , 数据采集 , 自动化系统
电子资源:
ISBN: 978-7-121-33861-8
000 01043nam0 2200277 450
001 5735
005 20181020151411.00
010    @a978-7-121-33861-8@dCNY89.00
100    @a20180913d2018 em y0chiy50 ea
101 0  @achi
102    @aCN@b110000
105    @ay z 000yy
200 1  @a探寻数据背后的逻辑@9tan xun shu ju bei hou de luo ji@eR语言数据挖掘之道@f宋云生,张坚洪,黎新年著
210    @a北京@c电子工业出版社@d2018.08
215    @a416页@d24cm
330    @a本书主要介绍使用R语言进行数据挖掘的过程。具体内容包括R软件的安装及R语言基础知识、数据探索、数据可视化、回归预测分析、时间序列分析、算法选择流程及十大算法介绍、数据抓取、社交网络关系分析、情感分析、话题模型、推荐系统,以及数据挖掘在生物信息学中的应用。
606 0  @a程序语言@x程序设计
606 0  @a数据采集
606 0  @a自动化系统
690    @aTP312.8R@v5
690    @aTP274@v4
701  0 @a宋云生@9song yun sheng@4著
701  0 @a张坚洪@9zhang jian hong@4著
701  0 @a黎新年@9li xin nian@4著
801  0 @aCN@b91MARC@c20180913
905    @aMuseLib@dTP274@e323
    
    探寻数据背后的逻辑:R语言数据挖掘之道/宋云生,张坚洪,黎新年著.-北京:电子工业出版社,2018.08
    416页;24cm
    
    
    ISBN 978-7-121-33861-8:CNY89.00
    本书主要介绍使用R语言进行数据挖掘的过程。具体内容包括R软件的安装及R语言基础知识、数据探索、数据可视化、回归预测分析、时间序列分析、算法选择流程及十大算法介绍、数据抓取、社交网络关系分析、情感分析、话题模型、推荐系统,以及数据挖掘在生物信息学中的应用。
●
相关链接 在E读中查询图书 在五车中查询图书 在当当中查询图书 在豆瓣中查询图书


正题名:探寻数据背后的逻辑     索取号:TP274/323         预约/预借

序号 登录号 条形码 馆藏地/架位号 状态 备注
1 1131030   211310302   第二样本阅览室/ [索取号:TP274/323] 在馆    
2 1131031   211310311   第三借阅区/ [索取号:TP274/323] 在馆    
3 1131032   211310320   第三借阅区/ [索取号:TP274/323] 在馆    
唐山师范学院图书馆 欢迎您!
大连网信软件有限公司© 版权所有